Gedicht - Willkommen und Abschied (Goethe) - Statistiken

Allgemein
  • Dieses Quiz wurde 19 mal gespielt
  • Das Durchschnittsergebnis liegt bei 87 aus 184
Antwortstatistiken
Antwort % Korrekt
du
92%
ein
92%
Ein
92%
da,
85%
die
85%
Die
85%
und
85%
Und
85%
zu
85%
Der
77%
der
77%
Es
77%
es
77%
ich
77%
Ich
77%
Mit
69%
mit
69%
war
69%
Wo
69%
aus
62%
geschwind
62%
mein
62%
mir
62%
nach
62%
Pferde!
62%
werden!
62%
auf
54%
das
54%
dem
54%
den
54%
Doch
54%
doch,
54%
Eiche,
54%
Erde,
54%
Finsternis
54%
für
54%
geliebt
54%
Glück,
54%
Glück!
54%
Herz
54%
Herz:
54%
hing
54%
im
54%
sah.
54%
Sah
54%
sah
54%
schlug
54%
schon
54%
Schon
54%
stand
54%
welch
54%
Abschied
46%
an
46%
Auge
46%
Augen
46%
Blick
46%
Blick:
46%
Dich
46%
dich.
46%
einem
46%
ging,
46%
Götter!
46%
Götter,
46%
hundert
46%
lieben,
46%
Nacht;
46%
Nacht
46%
Nebelkleid
46%
Riese,
46%
schwarzen
46%
von
46%
zur
46%
Abend
38%
aufgetürmter
38%
gedacht.
38%
Gesträuche
38%
getan
38%
ihr
38%
nassem
38%
sahst
38%
standst
38%
tausend
38%
Ungeheuer,
38%
wiegte
38%
Bergen
31%
deiner
31%
eh
31%
Erden,
31%
fast
31%
Freude
31%
Glut!
31%
In
31%
mich;
31%
mich -
31%
Mond
31%
Mut:
31%
nicht!
31%
Schmerz!
31%
schuf
31%
welche
31%
Wonne!
31%
ach,
23%
Adern
23%
Atemzug
23%
deinen
23%
frisch
23%
fröhlich
23%
Herzen
23%
jeder
23%
Küssen
23%
meinem
23%
meinen
23%
Seite
23%
verdient
23%
verengt
23%
welcher
23%
welches
23%
deinem
15%
Duft
15%
Feuer!
15%
Floß
15%
Flügel,
15%
Ganz
15%
hervor,
15%
kläglich
15%
leise
15%
milde
15%
Morgensonne
15%
Ohr;
15%
schauerlich
15%
süßen
15%
umsausten
15%
Winde
15%
Wolkenhügel
15%
Frühlingswetter
8%
Gesicht,
8%
hofft
8%
liebliche
8%
rosenfarbnes
8%
schwangen
8%
Umgab
8%
Zärtlichkeit
8%
Keine übereinstimmenden Quizze gefunden
Verteilung der Resultate
Anzahl Personen mit jedem Resultat
Perzentil nach korrekt beantworteten Fragen
Ihre Resultats-Entwicklung
Sie haben dieses Quiz noch nicht gespielt